LIBRARY & INFORMATION CENTRE, KCAET, TAVANUR

ONLINE PUBLIC ACCESS CATALOGUE (OPAC)

Engineering mathematics first year, Vol 1 / (Record no. 6354)

MARC details
000 -LEADER
fixed length control field 00497cam a2200193ua 4500
041 ## - LANGUAGE CODE
Language code of text/sound track or separate title eng
082 ## - DEWEY DECIMAL CLASSIFICATION NUMBER
Classification number 518
Item number VEN/EN
100 ## - MAIN ENTRY--AUTHOR NAME
Personal name Venkataraman, M K .
245 ## - TITLE STATEMENT
Title Engineering mathematics first year, Vol 1 /
250 ## - EDITION STATEMENT
Edition statement Rev. /
260 ## - PUBLICATION, DISTRIBUTION, ETC. (IMPRINT)
Place of publication Chennai :
Name of publisher The National Publishing Co ,
Year of publication 1965.
300 ## - PHYSICAL DESCRIPTION
Number of Pages 269 ; .
700 1# - ADDED ENTRY--PERSONAL NAME
Personal name Krishnan, S .
942 ## - ADDED ENTRY ELEMENTS (KOHA)
Koha item type Books
Holdings
Withdrawn status Lost status Damaged status Home library Current library Date acquired Cost, normal purchase price Full call number Accession Number Koha item type Public note
Withdrawn     KAUAET Sanskrit University 07/04/2012 10.00 518 7785 Books Transferred to Sanskrit University
free website counter